Biblioteca

Misión y globalización / Editado por Richard Tiplady (Registro nro. 44352)

Detalles MARC
000 -LÍDER
Campo fijo de descripción fija 013560000a22001810004500
082 04 - NÚMERO DE CLASIFICACIÓN DECIMAL DEWEY
Número de clasificación G 266.001 M67834m
001 - NÚMERO DE CONTROL
Campo de control 17785
245 10 - TÍTULO
Título del Material Misión y globalización / Editado por Richard Tiplady
260 ## - PUBLICACIÓN, DISTRIBUCIÓN, ETC. (PIE DE IMPRENTA)
Lugar de publicación, distribución, etc. Pasadena, E.U. : COMIBAM
300 ## - DESCRIPCIÓN FÍSICA
Extensión 279 p.
336 ## - CONTENT TYPE
Content type term texto
Content type code txt
Source rdacontent
337 ## - MEDIA TYPE
Source rdamedia
Media type term sin mediación
Media type code n
338 ## - CARRIER TYPE
Source rdacarrier
Carrier type term volumen
Carrier type code nc
500 ## - NOTA GENERAL
Nota General Título original: One world or many? the impact of globalisation on mission
505 00 - NOTA DE CONTENIDO
Nota de contenido con formato preestablecido Aspectos principales: Globalización y economía / Rut Valero -- Cultura de la tecnología y cultura del terror / Sam George -- multiculturalismo y pluralización / David Lundy -- Temas específicos: Evangelio, la globalización y la etnicidad / Miriam Andeney -- Motosierras, aviones y dragones, la globalización y el medio ambiente / Ruth Valerio -- La globalización, las mujeres y la obra misionera / Rose Dowsett -- Un vistazo a la perspectiva del mundo en desarrollo / Fiona Wilson -- Misiones: La religión y el futuro del cristianismo en la aldea global / Bullus Galadima -- Lecciones sobre el compromiso de la teología de la globalización / Warren Beattie -- La globalización y la iglesia / Alex Araujo.
650 14 - ASIENTO SECUNDARIO DE MATERIA - TERMINO TEMÁTICO
Término temático o nombre geográfico como elemento de entrada MISION CRISTIANA - GLOBALIZACION \ CRISTIANISMO Y CULTURA \ MISION CRISTIANA - POSTMODERNISMO \ EVANGELIZACION - GLOBALIZACION
942 ## - TIPO DE MATERIAL (KOHA)
Tipo de Item KOHA Libros General
Existencias
Estado de Material Estado de Perdido Estado de Dañado No para Préstamo Colección Tomo Biblioteca de Origen Biblioteca Permanente Fecha de Adquisición Total de Préstamos Signatura Topográfica Código de Barras Última vez visto Ejemplar/Existencia Fecha de Remplazo Tipo de Material
        Colección General   Biblioteca FUSBC Biblioteca FUSBC 13/12/2012   G 266.001 M67834m 17487 12/12/2019 1 26/01/2016 Libros General

Biblioteca FUSBC | Teléfono: (57+4) 349 88 10 Ext. 141| WhatsApp (+57) 3005338115 
E-mail: biblioteca@unisbc.edu.co | Calle 76 87-14 Robledo Palenque, Medellín, Colombia

Con tecnología Koha